Popular Literary Terms: (Record no. 190722)

MARC details
000 -LEADER
fixed length control field 00585nam a22001817a 4500
005 - DATE AND TIME OF LATEST TRANSACTION
control field 20220803153440.0
010 ## - LCCN (DPL NO)
LC control number ENG-134211
020 ## - INTERNATIONAL STANDARD BOOK NUMBER
International Standard Book Number 9788192891019
Terms of availability 400.00
035 ## - SYSTEM CONTROL NUMBER
System control number EN-117743
037 ## - SOURCE OF ACQUISITION
Source of stock number/acquisition DBAD/PUB
082 ## - DEWEY DECIMAL CLASSIFICATION NUMBER
Classification number 803
100 ## - MAIN ENTRY--PERSONAL NAME
Personal name Mahida, Chintan A.
245 ## - TITLE STATEMENT
Title Popular Literary Terms:
Remainder of title A Brief Handbook/
Statement of responsibility, etc Chintan A. Mahida
260 ## - PUBLICATION, DISTRIBUTION, ETC. (IMPRINT)
Place of publication, distribution, etc Gujarat
Name of publisher, distributor, etc Publish World
Date of publication, distribution, etc 2014
270 ## - ADDRESS
Address 10, Toran Bunglows, Near Nandbhumi, A.V. Road Anand
City Gujarat
Postal code 388001
Electronic mail address pwisbn@gmail.com
300 ## - PHYSICAL DESCRIPTION
Extent 135p.
Other physical details Bibliography
Dimensions 22cm(pbk)
942 ## - ADDED ENTRY ELEMENTS (KOHA)
Source of classification or shelving scheme Dewey Decimal Classification
Item type English Books
Classification part 803
Call number suffix MAH
Holdings
Withdrawn status Lost status Not for loan Collection code Home library Current library Date acquired Source of acquisition Cost, normal purchase price Full call number Barcode Copy number Cost, replacement price Koha item type
      Non-fiction Bawana Bawana 03/08/2022 DBAD/PUB 400.00 803 MAH EN-117743 1 400.00 English Books

© Delhi Public Library
Hit Counter
free hit counter